000 01267cad a22002175a 4500
001 L157072
008 120829s2012 xxk f 000 0 eng d
020 _a9781842198087
035 _a(Sirsi) u157072
041 0 _aeng
100 1 _aThanos, Sotirios
245 0 4 _aThe changing effects on domestic energy expenditure from housing characteristics and the recent rapid energy price movements
_h[electronic resource]
260 _aLondon
_bRICS
_c2012
490 0 _aRICS Research
520 _aLooks at econometric models for domestic energy expenditure in the UK. These models include a number of relevant household socioeconomics characteristics along with income levels. The research focuses on the effects of dwelling attributes on energy spending, aiming to produce policy relevant results. The paper also considers the significant events in the recent years that have directly and indirectly affected domestic energy use, such as rising oil and energy prices, the subsequent economic crisis and the Russia-Ukraine gas dispute.
651 4 _aUnited Kingdom
_y
690 _aEnergy
_96237
700 1 _aDunse, Neil A.
856 4 0 _uhttps://www.rics.org/Global/Energy_Expenditure_170512_dwl_aj.pdf
_zView the item free of charge at www.rics.org
942 _n0
999 _c114573
_d114573